00501nam a22001577a 450000500170000001000190001702000120003603500180004803700090006608200270007524501020010225000200020426000500022427000490027430000200032320240802170511.0 aENG-141169-170 c5000.00 aEN-124701-702 bDBAD a613.22Makar Sankranti aPoshan Utsav:bCelebrating Nutrition Through Cultural Practices/cBy Deendayal Research Institute aMakar Sankranti aNew DelhibDeendayal Research Institutec2024 a7E, Jhandewala Extension bNew Delhie110055 a278p.c37cm(hb)